|
|
|
|
| LEADER |
00975nam a2200265 4500 |
| 001 |
DLU210196085 |
| 005 |
##20210415 |
| 040 |
# |
# |
|a DLU
|b vie
|
| 041 |
# |
# |
|a vie
|
| 044 |
# |
# |
|a vn
|
| 100 |
# |
# |
|a Nguyễn Phú Tân Hương.
|
| 245 |
# |
# |
|a Chính sách phát huy nguồn lực người Việt Nam ở nước ngoài /
|c Nguyễn Phú Tân Hương, Nguyễn Huyền Trang.
|
| 653 |
# |
# |
|a Chính sách phát huy nguồn lực
|
| 653 |
# |
# |
|a Người Việt Nam ở nước ngoài
|
| 653 |
# |
# |
|a Sức mạnh mềm
|
| 700 |
# |
# |
|a Nguyễn Huyền Trang.
|
| 773 |
# |
# |
|t Nghiên cứu quốc tế
|g Số 4(119), 2019, tr. 225-248
|
| 920 |
# |
# |
|a Phòng Tạp chí -- Trung tâm Thông tin - Thư viện Trường Đại học Đà Lạt
|
| 900 |
# |
# |
|a True
|
| 911 |
# |
# |
|a Nguyễn Thị Thu Phương
|
| 925 |
# |
# |
|a G
|
| 926 |
# |
# |
|a A
|
| 927 |
# |
# |
|a BB
|
| 980 |
# |
# |
|a Thư viện Trường Đại học Đà Lạt
|